The what, why, how of science : (Record no. 150796)

MARC details
000 -LEADER
fixed length control field 00658nam a22001937a 4500
005 - DATE AND TIME OF LATEST TRANSACTION
control field 20180409144216.0
010 ## - LCCN (DPL NO)
LC control number ENG-122492
020 ## - INTERNATIONAL STANDARD BOOK NUMBER
International Standard Book Number 9789381950500
Terms of availability 495.00
035 ## - SYSTEM CONTROL NUMBER
System control number EN-106024
037 ## - SOURCE OF ACQUISITION
Source of stock number/acquisition DBAD/PUB
082 ## - DEWEY DECIMAL CLASSIFICATION NUMBER
Classification number 503
245 ## - TITLE STATEMENT
Title The what, why, how of science :
Statement of responsibility, etc ed. by Shyam Singh Tanwar [and] Mradulata
Remainder of title (in question -answers) /
260 ## - PUBLICATION, DISTRIBUTION, ETC. (IMPRINT)
Place of publication, distribution, etc Jaipur
Name of publisher, distributor, etc Sankalp Prakashan
Date of publication, distribution, etc 2018
270 ## - ADDRESS
Address 467, Badayon ka Chowk, Govindrao Ji Ka Rasta, Chanpole Bazar,
City Jaipur
Postal code 302001
300 ## - PHYSICAL DESCRIPTION
Extent 116p.
Other physical details ill.
Dimensions 20cm(Hb)
490 ## - SERIES STATEMENT
Series statement Lifetime Science Companion Series No. 2
700 ## - ADDED ENTRY--PERSONAL NAME
Dates associated with a name Mradulata
942 ## - ADDED ENTRY ELEMENTS (KOHA)
Source of classification or shelving scheme Dewey Decimal Classification
Item type English Books
Call number suffix THE
Classification part 503
Holdings
Withdrawn status Lost status Not for loan Collection code Home library Current library Date acquired Source of acquisition Cost, normal purchase price Full call number Barcode Copy number Cost, replacement price Koha item type
    Not For Loan Non-fiction D.B.Act.Division Patel Nagar 05/04/2018 DBAD/PUB 495.00 503 THE EN-106024 1 495.00 English Books

© Delhi Public Library
Hit Counter
free hit counter